[Event "WC-2019-S-00001"]
[Site "LSS email"]
[Date "2019.04.07"]
[Round "?"]
[White "Kuhne, Detlev"]
[Black "Noskov, Vladimir"]
[Result "1/2-1/2"]
[WhiteElo "2463"]
[BlackElo "2412"]
[PlyCount "47"]
[EventDate "2019.04.13"]
[EventType "tourn (corr)"]
[EventRounds "12"]
[EventCountry "GER"]
[SourceTitle "Corr 2022"]
[Source "ChessBase"]
[SourceDate "2021.10.24"]
[SourceVersion "1"]
[SourceVersionDate "2021.10.24"]
[SourceQuality "1"]

1. e4 c5 2. Nf3 d6 3. d4 cxd4 4. Nxd4 Nf6 5. Nc3 a6 6. h3 e5 7. Nde2 h5 8. g3 Be6 9. Bg5 Be7 10. Bg2 b5 11. Bxf6 Bxf6 12. h4 Nc6 13. Nd5 0-0 14. 0-0 g6 15. Qd3 Bg7 16. a4 bxa4 17. Rxa4 a5 18. Nec3 Bd7 19. Rc4 Rb8 20. Rb1 Nb4 21. Qd2 Be6 22. Nxb4 Bxc4 23. Nc6 Qb6 24. Nxb8 1/2-1/2

[Event "WC-2019-S-00001"]
[Site "LSS email"]
[Date "2019.04.07"]
[Round "?"]
[White "Noskov, Vladimir"]
[Black "Broniek, Mariusz Maciej"]
[Result "1/2-1/2"]
[WhiteElo "2412"]
[BlackElo "2415"]
[PlyCount "87"]
[EventDate "2019.04.13"]
[EventType "tourn (corr)"]
[EventRounds "12"]
[EventCountry "GER"]
[SourceTitle "Corr 2022"]
[Source "ChessBase"]
[SourceDate "2021.10.24"]
[SourceVersion "1"]
[SourceVersionDate "2021.10.24"]
[SourceQuality "1"]

1. e4 c5 2. Nf3 Nc6 3. Bb5 g6 4. 0-0 Bg7 5. Re1 e5 6. Bxc6 dxc6 7. d3 Qe7 8. a4 Nf6 9. Bg5 0-0 10. Qc1 a5 11. Nc3 Qd6 12. Ne2 Ne8 13. Nd2 Be6 14. h3 f6 15. Be3 b6 16. f4 exf4 17. Bxf4 Qd7 18. Nf3 Rd8 19. Ng3 Nd6 20. Bh6 Nf7 21. Bxg7 Kxg7 22. Nf1 h6 23. b3 Ng5 24. N1h2 Qc7 25. Rf1 Qg3 26. Kh1 Bc8 27. Qe3 Rf7 28. Rf2 Re8 29. Qd2 f5 30. Qc3+ Kg8 31. Nxg5 Qxg5 32. Raf1 f4 33. Qa1 Ref8 34. Nf3 Qd8 35. Ne5 Rf6 36. Nc4 R6f7 37. Qe1 b5 38. Ne5 Rf6 39. Nf3 g5 40. Qc3 Qb6 41. Kg1 Rg6 42. Qa1 Re8 43. Re1 Be6 44. Kf1 1/2-1/2

[Event "SM-2017-0-00382"]
[Site "LSS email"]
[Date "2017.09.19"]
[Round "?"]
[White "Pascual Perez, Norge"]
[Black "Noskov, Vladimir"]
[Result "1/2-1/2"]
[WhiteElo "2441"]
[BlackElo "2394"]
[PlyCount "59"]
[EventDate "2017.07.31"]
[EventType "tourn (corr)"]
[EventRounds "6"]
[EventCountry "GER"]
[SourceTitle "Corr 2022"]
[Source "ChessBase"]
[SourceDate "2021.10.24"]
[SourceVersion "1"]
[SourceVersionDate "2021.10.24"]
[SourceQuality "1"]

1. Nf3 d5 2. d4 Nf6 3. e3 c5 4. c3 e6 5. Bd3 b6 6. Nbd2 Bb7 7. Qe2 Nc6 8. 0-0 Be7 9. b3 0-0 10. Bb2 a5 11. Ne5 a4 12. Nxc6 Bxc6 13. Rac1 Qb8 14. Nf3 Nd7 15. c4 axb3 16. axb3 Qb7 17. Rfd1 Rfd8 18. cxd5 Bxd5 19. Bc4 Ra2 20. Bxd5 exd5 21. Rd2 Qa8 22. Ne1 Nf8 23. Nd3 Ne6 24. Rcd1 g6 25. g3 Ng5 26. f3 Ne6 27. f4 Qa6 28. dxc5 bxc5 29. Nc1 Qxe2 30. Nxe2 1/2-1/2

[Event "SM-2016-0-00362"]
[Site "LSS email"]
[Date "2016.10.15"]
[Round "?"]
[White "Gesicki, Jacek"]
[Black "Noskov, Vladimir"]
[Result "1/2-1/2"]
[WhiteElo "2400"]
[BlackElo "2390"]
[PlyCount "39"]
[EventDate "2016.08.15"]
[EventType "tourn (corr)"]
[EventRounds "6"]
[EventCountry "GER"]
[SourceTitle "Corr 2022"]
[Source "ChessBase"]
[SourceDate "2021.10.24"]
[SourceVersion "1"]
[SourceVersionDate "2021.10.24"]
[SourceQuality "1"]

1. e4 c5 2. Nf3 d6 3. d4 cxd4 4. Nxd4 Nf6 5. Nc3 a6 6. Bg5 e6 7. f4 Qb6 8. Nb3 Nbd7 9. Qe2 Qc7 10. 0-0-0 b5 11. a3 Be7 12. g4 Rb8 13. Bh4 b4 14. axb4 Rxb4 15. Bg2 0-0 16. Be1 Nc5 17. Nxc5 Qxc5 18. g5 Nd7 19. Qf2 a5 20. Qxc5 1/2-1/2

[Event "SM-2016-0-00362"]
[Site "LSS email"]
[Date "2016.10.15"]
[Round "?"]
[White "Noskov, Vladimir"]
[Black "Kourkoulos, Stamatis"]
[Result "1-0"]
[WhiteElo "2390"]
[BlackElo "1855"]
[PlyCount "35"]
[EventDate "2016.08.15"]
[EventType "tourn (corr)"]
[EventRounds "6"]
[EventCountry "GER"]
[SourceTitle "Corr 2022"]
[Source "ChessBase"]
[SourceDate "2021.10.24"]
[SourceVersion "1"]
[SourceVersionDate "2021.10.24"]
[SourceQuality "1"]

1. d4 e6 2. c4 Bb4+ 3. Bd2 a5 4. Nc3 Nf6 5. e4 d6 6. Bd3 e5 7. a3 Bxc3 8. bxc3 Qe7 9. Ne2 Nc6 10. Qc2 0-0 11. 0-0 a4 12. f4 Bg4 13. Rae1 Bxe2 14. Rxe2 Rfd8 15. Rf3 b6 16. Rh3 h6 17. Re1 Nd7 18. Be3 1-0

[Event "SM-2015-0-00337"]
[Site "LSS email"]
[Date "2015.10.08"]
[Round "?"]
[White "Noskov, Vladimir"]
[Black "Khanas, Valeriy"]
[Result "1-0"]
[WhiteElo "2378"]
[BlackElo "2312"]
[PlyCount "107"]
[EventDate "2015.08.17"]
[EventType "tourn (corr)"]
[EventRounds "6"]
[EventCountry "GER"]
[SourceTitle "Corr 2022"]
[Source "ChessBase"]
[SourceDate "2021.10.24"]
[SourceVersion "1"]
[SourceVersionDate "2021.10.24"]
[SourceQuality "1"]

1. d4 d5 2. Nf3 Nf6 3. c4 c6 4. Nc3 dxc4 5. a4 Bf5 6. Ne5 Nbd7 7. Nxc4 Qc7 8. g3 e5 9. dxe5 Nxe5 10. Bf4 Nfd7 11. Bg2 f6 12. 0-0 0-0-0 13. Rc1 Nc5 14. Qe1 a5 15. Nb5 cxb5 16. axb5 b6 17. b4 axb4 18. Qxb4 Be6 19. Ra1 Bxc4 20. Bxe5 Qxe5 21. Qxc4 Bd6 22. Qf7 Rhf8 23. Qxg7 Bb8 24. Rfc1 Qc7 25. Bh3+ f5 26. Qh6 Qd6 27. Qxh7 Qd7 28. Qg6 Kc7 29. e4 Qd6 30. Qg7+ Rd7 31. Qg5 Qf6 32. Qxf6 Rxf6 33. Bxf5 Rd2 34. Rd1 Rb2 35. Rab1 Ra2 36. h4 Rf8 37. h5 Rf6 38. g4 Kb7 39. Rd8 Bc7 40. Re8 Ra8 41. Rxa8 Kxa8 42. Kg2 Nd3 43. g5 Rf8 44. Kf3 Ne5+ 45. Ke2 Nf7 46. g6 Nh6 47. Rc1 Be5 48. Rc6 Kb8 49. Rxb6+ Kc7 50. Rc6+ Kb7 51. Be6 Kb8 52. Bd5 Re8 53. Re6 Rxe6 54. Bxe6 1-0

[Event "SM-2015-0-00337"]
[Site "LSS email"]
[Date "2015.10.08"]
[Round "?"]
[White "Noskov, Vladimir"]
[Black "Llorente Alvarez, Jose Luis"]
[Result "1-0"]
[WhiteElo "2378"]
[BlackElo "2155"]
[PlyCount "103"]
[EventDate "2015.08.17"]
[EventType "tourn (corr)"]
[EventRounds "6"]
[EventCountry "GER"]
[SourceTitle "Corr 2022"]
[Source "ChessBase"]
[SourceDate "2021.10.24"]
[SourceVersion "1"]
[SourceVersionDate "2021.10.24"]
[SourceQuality "1"]

1. d4 f5 2. g3 Nf6 3. Bg2 g6 4. Nf3 Bg7 5. 0-0 0-0 6. c4 d6 7. Nc3 Qe8 8. d5 a5 9. Be3 Na6 10. Qd2 Ng4 11. Bd4 Bh6 12. Ng5 c5 13. dxc6 bxc6 14. Na4 Nf6 15. f4 Rb8 16. b3 Bg7 17. Bc3 Qd7 18. Rad1 Nb4 19. e3 Qa7 20. Rfe1 h6 21. Nh3 Ne4 22. Bxe4 fxe4 23. Bxg7 Kxg7 24. Nf2 Bf5 25. g4 Be6 26. h3 Bg8 27. Nxe4 Kh7 28. Kh2 Qc7 29. a3 Na6 30. Qc3 Rbe8 31. Ng3 Rd8 32. f5 gxf5 33. Nxf5 e6 34. Ng3 Bf7 35. Rf1 Nb8 36. h4 Nd7 37. Kh3 d5 38. cxd5 exd5 39. Nc5 Nxc5 40. Qxc5 Rg8 41. Rf4 h5 42. g5 Bg6 43. Rf6 Rg7 44. Rxc6 Qe7 45. Rxd5 Rxd5 46. Qxd5 Qxe3 47. Rf6 Re7 48. Qd6 Rg7 49. b4 Qxa3 50. bxa5 Qxa5 51. Nxh5 Qc3+ 52. Kg4 1-0

[Event "SM-2014-0-00309"]
[Site "LSS email"]
[Date "2014.11.06"]
[Round "?"]
[White "Pascual Perez, Norge"]
[Black "Noskov, Vladimir"]
[Result "1/2-1/2"]
[WhiteElo "2367"]
[BlackElo "2375"]
[PlyCount "59"]
[EventDate "2014.09.30"]
[EventType "tourn (corr)"]
[EventRounds "6"]
[EventCountry "GER"]
[SourceTitle "Corr 2022"]
[Source "ChessBase"]
[SourceDate "2021.10.24"]
[SourceVersion "1"]
[SourceVersionDate "2021.10.24"]
[SourceQuality "1"]

1. d4 d5 2. c4 c6 3. Nc3 Nf6 4. e3 e6 5. Nf3 Nbd7 6. Bd3 dxc4 7. Bxc4 b5 8. Bd3 a6 9. e4 c5 10. d5 c4 11. dxe6 fxe6 12. Bc2 Qc7 13. 0-0 Bb7 14. Ng5 Nc5 15. e5 Qxe5 16. Re1 Qd6 17. Qxd6 Bxd6 18. Be3 0-0 19. Rad1 Be7 20. Bxc5 Bxc5 21. Nxe6 Rfc8 22. h3 Rab8 23. Nxc5 Rxc5 24. Rd6 Kf7 25. f3 Rc6 26. Rd4 Rc5 27. Kf2 Re8 28. Red1 Re7 29. h4 h6 30. Rd6 1/2-1/2

[Event "SM-2014-0-00306"]
[Site "LSS email"]
[Date "2014.10.01"]
[Round "?"]
[White "Noskov, Vladimir"]
[Black "Dos Santos, M A"]
[Result "1/2-1/2"]
[WhiteElo "2375"]
[BlackElo "2380"]
[PlyCount "57"]
[EventDate "2014.08.26"]
[EventType "tourn (corr)"]
[EventRounds "6"]
[EventCountry "GER"]
[SourceTitle "Corr 2022"]
[Source "ChessBase"]
[SourceDate "2021.10.24"]
[SourceVersion "1"]
[SourceVersionDate "2021.10.24"]
[SourceQuality "1"]

1. e4 e5 2. Nf3 Nc6 3. Bb5 a6 4. Ba4 Nf6 5. 0-0 Be7 6. Re1 b5 7. Bb3 d6 8. c3 0-0 9. h3 Nb8 10. d4 Nbd7 11. c4 c6 12. Nc3 b4 13. Na4 c5 14. d5 h6 15. Bc2 Re8 16. b3 a5 17. Qe2 Nf8 18. Nb2 Bd7 19. a3 Qb8 20. Kh2 Ng6 21. a4 Qd8 22. Nd1 Nf4 23. Qf1 Nh7 24. Ne3 Bf6 25. Ng1 g6 26. Ra2 Ng5 27. h4 Nh7 28. g3 Nh5 29. Nf3 1/2-1/2